00824nam a2200169 a 4500003000200000005001700002008004100019050002600060100003000086245022700116260009000343300004000433504004100473650004500514650004400559650005100603020250528115209.0021122s19uu xx 00 eng d aPHS RD 119b.A23 2002 aAbayon, Sharyld Luizel J. aA Comparative study between the perceptions of 4th year high school female students from Southville International School and System Technology Institute (STI) Academy regarding cosmetic surgery /cSharyld Luizel J. Abayon. aLas Piñas City, Philippines :bSouthville International School and Colleges,c2002. a25 pages :billustrations ;c28 cm. aIncludes bibliographical references. aCosmetic surgeryxPsychological aspects. aBody image in adolescencezPhilippines. aCosmetic surgeryxSocial aspectszPhilippines.